paroles où es-tu Bruel - Statistiques

Statistiques générales
  • Ce quiz a été pris 28 fois
  • Le résultat moyen est 177 sur 291
Statistiques - réponses
Hint Réponse % Correct
à
100%
A
100%
a
100%
en
93%
es
93%
me
93%
93%
te
93%
de
87%
tu
87%
Tu
87%
couplet Dépêche
80%
je
80%
Je
80%
peau
80%
se
80%
AFP
73%
dois
73%
enfants
73%
es-tu
73%
j'ai
73%
jour
73%
la
73%
le
73%
les
73%
Les
73%
on
73%
ont
73%
partir
73%
pas
73%
peu
73%
photo
73%
pouvoir
73%
que
73%
Que
73%
quel
73%
quoi
73%
soir
73%
tes
73%
Ton
73%
ton
73%
un
73%
Un
73%
Une
73%
une
73%
avec
67%
avion
67%
ça
67%
combat
67%
dis
67%
dit
67%
écrire
67%
encore
67%
Et
67%
et
67%
fois
67%
ils
67%
image
67%
journaliste
67%
jours
67%
leur
67%
m'entends-tu
67%
moi
67%
Moi
67%
ne
67%
nuit
67%
objectifs
67%
plus
67%
pourquoi
67%
quand
67%
quelle
67%
sac
67%
sans
67%
ta
67%
télé
67%
t'oublie
67%
tout
67%
toutes
67%
vas
67%
vers
67%
vite
67%
ce
60%
Ce
60%
cette
60%
chaque
60%
coup
60%
Dans
60%
dans
60%
demanderont
60%
disent
60%
enlevée
60%
entendus
60%
fais
60%
fil
60%
font
60%
fort
60%
froid
60%
guerre
60%
images
60%
l'école
60%
l'histoire
60%
mais
60%
maman
60%
matin
60%
parlent
60%
personne
60%
peur
60%
pleine
60%
prennent
60%
qui
60%
radio
60%
rebelles
60%
regardent
60%
répondrais
60%
rien
60%
sais
60%
saura
60%
sentir
60%
s'envole
60%
t'attendra
60%
télés
60%
toi
60%
t'y
60%
vient
60%
creve
53%
Dix
53%
dort
53%
écrit
53%
gaffe
53%
mes
53%
n'as
53%
parleront
53%
partie
53%
prix
53%
rares
53%
rentres
53%
rue
53%
sers
53%
seules
53%
voir
53%
Devant
47%
messages
47%
partout
47%
pendant
47%
temps
47%
nom
40%
page
40%
première
40%
sous
40%
vois
40%
sur
33%
tellement
33%
tous
33%
d'enfer
27%
feu
27%
pluie
27%
serre
27%
ces
20%
couloirs
20%
courir
20%
déjà
20%
demain
20%
du
20%
peux
20%
pleurant
20%
rêves
20%
sourires
20%
t'endors
20%
certains
13%
déserts
13%
être
13%
histoire
13%
ici
13%
m'accroche
13%
m'as
13%
passent
13%
peut
13%
qu'il
13%
soirs
13%
suivent
13%
tarmac
13%
chuchotant
7%
faut
7%
monde
7%
nos
7%
tenir
7%
t'entends
7%
t'envoie
7%
fenêtres
0%
ferment
0%
sourirs
0%
venir
0%
Aucun quiz correspondant
Distribution des résultats
% des personnes avec chaque résultat
Percentile par nombre de réponses
Votre historique - résultats
Vous n’avez pas pris ce quiz